<?xml version="1.0" encoding="UTF-8"?>
<record
    xmlns:xsi="http://www.w3.org/2001/XMLSchema-instance"
    xsi:schemaLocation="http://www.loc.gov/MARC21/slim http://www.loc.gov/standards/marcxml/schema/MARC21slim.xsd"
    xmlns="http://www.loc.gov/MARC21/slim">

  <leader>01240nam a22001937a 4500</leader>
  <datafield tag="952" ind1=" " ind2=" ">
    <subfield code="0">0</subfield>
    <subfield code="1">0</subfield>
    <subfield code="2">ddc</subfield>
    <subfield code="4">0</subfield>
    <subfield code="7">0</subfield>
    <subfield code="8">NFIC</subfield>
    <subfield code="a">ASL</subfield>
    <subfield code="b">ASL</subfield>
    <subfield code="c">SIC</subfield>
    <subfield code="d">2022-04-27</subfield>
    <subfield code="e">Donated by Prof. Sirajul Islam FRHS</subfield>
    <subfield code="l">0</subfield>
    <subfield code="o">294.5 KHB</subfield>
    <subfield code="p">116612</subfield>
    <subfield code="r">2022-04-27 00:00:00</subfield>
    <subfield code="t">C-1</subfield>
    <subfield code="w">2022-04-27</subfield>
    <subfield code="y">BK</subfield>
  </datafield>
  <datafield tag="952" ind1=" " ind2=" ">
    <subfield code="0">0</subfield>
    <subfield code="1">0</subfield>
    <subfield code="2">ddc</subfield>
    <subfield code="4">0</subfield>
    <subfield code="7">0</subfield>
    <subfield code="8">NFIC</subfield>
    <subfield code="a">ASL</subfield>
    <subfield code="b">ASL</subfield>
    <subfield code="c">SIC</subfield>
    <subfield code="d">2022-04-27</subfield>
    <subfield code="e">Donated by Prof. Sirajul Islam FRHS</subfield>
    <subfield code="l">0</subfield>
    <subfield code="o">294.5 KHB</subfield>
    <subfield code="p">116619</subfield>
    <subfield code="r">2022-04-27 00:00:00</subfield>
    <subfield code="t">C-2</subfield>
    <subfield code="w">2022-04-27</subfield>
    <subfield code="y">BK</subfield>
  </datafield>
  <datafield tag="999" ind1=" " ind2=" ">
    <subfield code="c">28620</subfield>
    <subfield code="d">28620</subfield>
  </datafield>
  <controlfield tag="003">BDDh-ASL</controlfield>
  <controlfield tag="005">20231015030941.0</controlfield>
  <controlfield tag="008">220427s1997    b  ||||| |||| 00| 0 b   d</controlfield>
  <datafield tag="040" ind1=" " ind2=" ">
    <subfield code="c">BDDh-ASL</subfield>
  </datafield>
  <datafield tag="082" ind1=" " ind2=" ">
    <subfield code="a">294.5</subfield>
    <subfield code="b">KHB</subfield>
  </datafield>
  <datafield tag="100" ind1="1" ind2=" ">
    <subfield code="9">4630</subfield>
    <subfield code="a">&#x996;&#x9BE;&#x9A8;, &#x99C;&#x9AF;&#x9BC;&#x9A8;&#x9BE;&#x9B2; &#x986;&#x9AC;&#x9C7;&#x9A6;&#x9C0;&#x9A8;</subfield>
  </datafield>
  <datafield tag="245" ind1="1" ind2="0">
    <subfield code="a">&#x9AC;&#x9BF;&#x995;&#x9CD;&#x9B0;&#x9AE;&#x9AA;&#x9C1;&#x9B0;&#x9C7;&#x9B0; &#x9A8;&#x9AC;&#x9BE;&#x9AC; &#x9AC;&#x9B2;&#x9CD;&#x9B2;&#x9BE;&#x9B2; &#x9B8;&#x9C7;&#x9A8; &#x993; &#x9A2;&#x9BE;&#x995;&#x9C7;&#x9B6;&#x9CD;&#x9AC;&#x9B0;&#x9C0; &#x9AE;&#x9A8;&#x9CD;&#x9A6;&#x9BF;&#x9B0; /</subfield>
  </datafield>
  <datafield tag="246" ind1=" " ind2=" ">
    <subfield code="a">Bikrampurer Nobab Bollal Sein O Dhakeswari Mondir </subfield>
  </datafield>
  <datafield tag="260" ind1=" " ind2=" ">
    <subfield code="a">&#x9A2;&#x9BE;&#x995;&#x9BE;: </subfield>
    <subfield code="b">&#x9A6;&#x9C7;&#x9B2;&#x9CB;&#x9AF;&#x9BC;&#x9BE;&#x9B0;&#x9BE; &#x9AC;&#x9C7;&#x997;&#x9AE;, </subfield>
    <subfield code="c">&#x9E7;&#x9EF;&#x9EF;&#x9ED;&#x964; </subfield>
  </datafield>
  <datafield tag="300" ind1=" " ind2=" ">
    <subfield code="a">&#x9E7;&#x9E8;&#x9EE; &#x9AA;&#x9C3;&#x9B7;&#x9CD;&#x9A0;&#x9BE;; </subfield>
    <subfield code="b">&#x99B;&#x9AC;&#x9BF;;</subfield>
    <subfield code="c">&#x9E8;&#x9E9; &#x9B8;&#x9C7;.&#x9AE;&#x9BF;. </subfield>
  </datafield>
  <datafield tag="600" ind1="1" ind2="0">
    <subfield code="9">6131</subfield>
    <subfield code="a">&#x9B8;&#x9C7;&#x9A8;, &#x9AC;&#x9B2;&#x9CD;&#x9B2;&#x9BE;&#x9B2;</subfield>
  </datafield>
  <datafield tag="650" ind1=" " ind2="0">
    <subfield code="a">Hindu Religion (&#x9B9;&#x9BF;&#x9A8;&#x9CD;&#x9A6;&#x9C1; &#x9A7;&#x9B0;&#x9CD;&#x9AE;), Hindu dharma, Hinduism, &#x9B9;&#x9BF;&#x9A8;&#x9CD;&#x9A6;&#x9C1;&#x9A7;&#x9B0;&#x9CD;&#x9AE;, &#x9B9;&#x9BF;&#x9A8;&#x9CD;&#x9A6;&#x9C1;&#x9AF;&#x9BC;&#x9BE;&#x9A8;&#x9BF;, &#x9A6;&#x9C7;&#x9AC;&#x9A6;&#x9C7;&#x9AC;&#x9C0;, D&#x113;bad&#x113;b&#x12B;, Goddess, D&#x113;ba-d&#x113;b&#x12B;, &#x9A6;&#x9C7;&#x9AC;-&#x9A6;&#x9C7;&#x9AC;&#x9C0;, Gods and Goddesses, &#x9B9;&#x9BF;&#x9A8;&#x9CD;&#x9A6;&#x9C1; &#x9A7;&#x9B0;&#x9CD;&#x9AE;&#x9C7;&#x9B0; &#x987;&#x9A4;&#x9BF;&#x9B9;&#x9BE;&#x9B8;, Hindu dharm&#x113;ra itih&#x101;sa, History of Hinduism, &#x9B9;&#x9BF;&#x9A8;&#x9CD;&#x9A6;&#x9C1; &#x986;&#x987;&#x9A8;, Hindu &#x101;'ina, Hindu Law, </subfield>
    <subfield code="x">Dhakeswari Mondir (&#x9A2;&#x9BE;&#x995;&#x9C7;&#x9B6;&#x9CD;&#x9AC;&#x9B0;&#x9C0; &#x9AE;&#x9A8;&#x9CD;&#x9A6;&#x9BF;&#x9B0;)</subfield>
    <subfield code="9">6132</subfield>
  </datafield>
  <datafield tag="942" ind1=" " ind2=" ">
    <subfield code="2">ddc</subfield>
    <subfield code="c">BK</subfield>
  </datafield>
</record>
